|
|
|
|
| LEADER |
00000nam0a2200000 4500 |
| 001 |
194307 |
| 005 |
20240220111447.0 |
| 035 |
|
|
|a (RuTPU)RU\TPU\book\211927
|
| 035 |
|
|
|a RU\TPU\book\70931
|
| 090 |
|
|
|a 194307
|
| 100 |
|
|
|a 20110412d2003 m y0rusy50 ca
|
| 101 |
0 |
|
|a rus
|
| 102 |
|
|
|a RU
|
| 105 |
|
|
|a a j 001zy
|
| 200 |
1 |
|
|a Численные методы в электротехнике
|e Компьютерный лабораторный практикум
|f О. П. Мальцева, Н. В. Кояин, Л. С. Удут
|g Томский политехнический университет (ТПУ), Институт дистанционного образования (ИДО)
|
| 210 |
|
|
|a Томск
|c Изд-во ТПУ
|d 2003
|
| 215 |
|
|
|a 99 с.
|c ил.
|
| 320 |
|
|
|a Библиогр.: с. 97.
|
| 610 |
1 |
|
|a электротехника
|
| 610 |
1 |
|
|a линейные алгебраические уравнения
|
| 610 |
1 |
|
|a нелинейные системы
|
| 610 |
1 |
|
|a нелинейные уравнения
|
| 610 |
1 |
|
|a численное интегрирование
|
| 610 |
1 |
|
|a обыкновенные дифференциальные уравнения
|
| 610 |
1 |
|
|a функции
|
| 610 |
1 |
|
|a интерполяция
|
| 610 |
1 |
|
|a эксперименты
|
| 610 |
1 |
|
|a ЭВМ
|
| 610 |
1 |
|
|a лабораторные работы
|
| 610 |
1 |
|
|a практические пособия
|
| 610 |
1 |
|
|a учебные пособия
|
| 675 |
|
|
|a 621.3:51(076.5)
|v 3
|
| 700 |
|
1 |
|a Мальцева
|b О. П.
|c специалист в области электротехники
|c доцент Томского политехнического университета, кандидат технических наук
|f 1955-
|g Ольга Павловна
|3 (RuTPU)RU\TPU\pers\29369
|
| 701 |
|
1 |
|a Кояин
|b Н. В.
|c специалист в области электротехники
|c доцент Томского политехнического университета, кандидат технических наук
|f 1957-
|g Николай Вадимович
|3 (RuTPU)RU\TPU\pers\29371
|9 13953
|
| 701 |
|
1 |
|a Удут
|b Л. С.
|c специалист в области электротехники
|c доцент Томского политехнического университета, кандидат технических наук
|f 1940-
|g Леонид Степанович
|3 (RuTPU)RU\TPU\pers\29370
|
| 712 |
0 |
2 |
|a Томский политехнический университет (ТПУ)
|b Институт дистанционного образования (ИДО)
|3 (RuTPU)RU\TPU\col\12625
|
| 801 |
|
1 |
|a RU
|b 63413507
|c 20040906
|g PSBO
|
| 801 |
|
2 |
|a RU
|b 63413507
|c 20150918
|g PSBO
|
| 942 |
|
|
|c BK
|